[Event "ACL-A096"]
[Site "www.playchess.de"]
[Date "2001.03.11"]
[Round "9"]
[White "Vitalee"]
[Black "celle"]
[WhiteElo "1500"]
[BlackElo "1500"]
[PlyCount "47"]
[Result "1-0"]

1.e4 {Hey Marcel! Ist mir ein Vergnügen gegen dich 
zu spielen!}  c5 {scheisssssssseeeeeeeeeeeee!!!!!! 
wieso?????}  2.Nf3 {Haha!! Ich lass dich doch 
nicht dieses Turnier gewinnen!}  Nc6 {ich hoffe du 
spielst jetzt nicht c3. Wenn doch: 
Angsthase!!!!!!!!!!}  3.d4 {Ich mach dich doch in 
jeder Eröffnung platt! Hohohahahohaha}  cxd4 {dazu 
sag ich jetzt nichts}  4.Nxd4 {Weil es stimmt 
,oder?}  Nf6 5.Nc3 {Wieso nicht?}  e5 6.Ndb5 d6 
7.Bg5 a6 8.Na3 {Wie siehts aus mit dem 
Simultanturnier? Machst du mit?}  b5 
{wahrscheinlich. aber wer kann fahren?}  9.Bxf6 
{Ich ruf mal irgendwen an und dann sag ich´s dir 
morgen!}  gxf6 {danke}  10.Nd5 f5 11.Bd3 Be6 
12.Qh5 Rg8 13.g3 {Warum warst du nicht beim 
Schach?}  Nd4 {hab mir beim sport den rücken ein 
bisschen verdreht}  14.c3 {aber heute spielst du?} 
 fxe4 {wenn ich komme spiele ich wenn nicht spiele 
ich nicht!}  15.Bxe4 {Ich habe jetzt nen Fahrer 
zum Simultanturnier.Mein Vater fährt uns hin.}  
Bg4 16.Qxh7 Rg7 {das ist gut. hab mich auch schon 
angemeldet}  17.Qh6 Nf3+ 18.Ke2 Ng5+ 19.f3 Nxe4 
20.fxg4 Qc8 21.Qe3 Qxg4+ 22.Qf3 {Ich mach dich 
fertig!!! (Denn: Ich hab gegen chesssk nen Turm 
weggestellt!)}  Qxf3+ {das wollen wir doch erstmal 
sehen}  23.Kxf3 {Warum hast du chesssk denn Remis 
geboten??}  f5 24.Nc2 1-0

[Event "HCL-B141"]
[Site "www.playchess.de"]
[Date "2001.03.12"]
[Round "2"]
[White "takesa"]
[Black "Entropy"]
[WhiteElo "1200"]
[BlackElo "1500"]
[PlyCount "47"]
[Result "1-0"]

1.c4 e5 2.Nc3 Nf6 3.Nf3 d6 4.Qc2 g6 5.d3 Bg7 6.c5 
Nfd7 7.cxd6 cxd6 8.Nd5 Nb6 9.Nc7+ Ke7 {good fork}  
10.e4 Nc6 11.Nxa8 {greetings}  Nxa8 12.Qb3 Nd4 
13.Nxd4 exd4 14.Be2 Re8 15.O-O Kf8 16.f4 Kg8 17.f5 
Nb6 18.fxg6 Be6 19.gxf7+ Bxf7 20.Qxf7+ Kh8 21.Bg5 
Qb8 22.Bf6 Bxf6 23.Rxf6 Qc8 24.Rh6 1-0

[Event "ACL-A062"]
[Site "www.playchess.de"]
[Date "2001.03.12"]
[Round "28"]
[White "player27"]
[Black "vrad"]
[WhiteElo "1638"]
[BlackElo "1484"]
[PlyCount "83"]
[Result "1-0"]

1.d4 d5 2.c4 Nf6 3.cxd5 Nxd5 4.Nf3 e6 5.e4 Nf6 
6.Nc3 Be7 7.Bd3 O-O 8.e5 Nd5 9.h4 c5 10.Bxh7+ Kh8 
11.Ng5 g6 12.Nxf7+ Rxf7 13.Bxg6 Qg8 14.Bxf7 Qxf7 
15.Bg5 cxd4 16.Nxd5 exd5 17.Qxd4 Be6 18.Bxe7 Qxe7 
19.Qd2 Nc6 20.Qh6+ Kg8 21.f4 Rf8 22.a3 d4 23.Rc1 
Bf5 24.Qg5+ Qxg5 25.hxg5 Be4 26.Rh4 Bxg2 27.Rc2 
Be4 28.Rch2 Kg7 29.Rf2 d3 30.b4 Nd4 31.Kd2 Rd8 
32.Ke3 Nf5+ 33.Kxe4 Nxh4 34.Rd2 Kg6 35.Rxd3 Rxd3 
36.Kxd3 Kf5 37.Kd4 Kxf4 38.Kd5 Nf5 39.Ke6 Kxg5 
40.Kf7 Kf4 41.e6 Nd4 42.e7 1-0

[Event "ACL-A078"]
[Site "www.playchess.de"]
[Date "2001.03.12"]
[Round "4"]
[White "Hermi"]
[Black "peze3"]
[WhiteElo "2107"]
[BlackElo "1950"]
[PlyCount "76"]
[Result "1/2-1/2"]

1.d4 {Hallo, eine schöne Partie wünsche ich!}  Nf6 
{Hallo und Danke! Auf eine interessante Partie.}  
2.c4 e6 3.Nc3 Bb4 4.e3 O-O 5.Bd3 d5 6.cxd5 exd5 
7.Nge2 Re8 8.O-O Bd6 9.Bd2 c6 10.Ng3 Bxg3 11.hxg3 
Ne4 12.Nxe4 dxe4 13.Be2 Be6 14.Qc2 Qd5 15.b3 Nd7 
16.Bb4 a5 17.Ba3 Nf6 18.Qc5 Qd8 {...nööh! ;-))}  
19.Rfc1 Nd5 20.Qc2 Bf5 21.Qd2 Qg5 22.Rc5 a4 23.b4 
Bd7 24.Ra5 Qh6 25.Bb2 Qg6 26.Rc1 Bg4 27.Bf1 Rxa5 
28.bxa5 {nicht dass ich glauben würde, ich stände 
besser, aber etwas will ich noch spielen. Gruß H.} 
 Qd6 {o.k.}  29.a3 {.}  Qh6 30.a6 b6 31.Qc2 Bd7 
32.Bc4 Nf6 33.Be2 Nd5 34.Qxa4 Ra8 35.Bc3 Qe6 
36.Bb2 Ra7 37.Bf1 h6 38.Qb3 Ra8 {Hallo Partner! 
Also ich sehe hier keine Vorteile für eine Farbe 
mehr; auch keinen Gewinnweg.}  1/2-1/2

[Event "ACL-A076"]
[Site "www.playchess.de"]
[Date "2001.03.12"]
[Round "8"]
[White "mladsir"]
[Black "rhonda202"]
[WhiteElo "1500"]
[BlackElo "1500"]
[PlyCount "63"]
[Result "1-0"]

1.e4 e5 {good luck}  2.Nf3 Nf6 3.Nxe5 Nc6 4.Nxc6 
dxc6 5.Nc3 Bg4 6.Be2 {Hello from Umag,Croatia 
(Europe)!}  h5 {hi from new jersey ,usa}  7.d3 Bb4 
8.Bg5 Qd4 9.O-O O-O-O 10.Bxf6 gxf6 {helllo,:o)}  
11.Bxg4+ Kb8 12.Bh3 Rhg8 13.Rb1 Bd6 14.Qxh5 Rdf8 
15.Ne2 Qe5 16.Ng3 Rg5 17.Qf3 Bc5 18.c3 b5 {wow! 
what a game, i've never been in this situation 
before, wow!  :->}  19.d4 {Which part of USA are 
you from?}  Qd6 {nice move!i'm from new jersey, 
and u? :->}  20.dxc5 {Umag, Croatia, Europe 
(Northern Adriatic coast)}  Rxc5 {wow! seems like 
a completely different world .:->l}  21.Nf5 {well 
not that different!}  Qe5 {well i guess wrong 
word, foreign would fit better, interesting though 
:->}  22.Rbd1 {Have you ever been anywhere near( 
Italy,Austria...)?}  Rc4 {i wish i could say yes, 
but i have to say no, that would be a dream come 
true. :->}  23.Nd4 {Yes, like myself - visiting 
America :)}  Rg8 {could u tell a bit about where u 
r from? i am interested. as for america it's 
crazy!& cold :->}  24.b3 {try this: 
http://www.transun.co.uk/Croatia/Umag.htm}  Rc5 
{alright, thank you very much, i'll let u know how 
i do,:->}  25.b4 {sorry for taking me long time 
but i was at the real tournament these days (2,5 
points out of 7 :))}  Rc4 {no problem, i hope it 
was a good time. i've never played in a real 
tournament, :->}  26.Bd7 {It was really great!What 
do you do?}  Kb7 {heheh, i play chess online with 
really good players, lol :->}  27.Rd3 {I am 
blushing :)}  Rd8 {lol, you r 2 funny!..:->}  
28.Nxc6 {twice funny??? :)}  Rxd7 {hehehehe!, you 
are to funny, or very funny.:-> :}  29.Nxe5 Re7 
{nice take,, somebody slap me and wake me up, lol} 
 30.Nxc4 {Don't worry, there will be a chance for 
revenge!I like chatting with you while we play}  
bxc4 {well if that's rvenge,lol..is it check yet,, 
good chatting with u too!:->}  31.Rd8 {ha,ha i 
thought on revenge in another game!}  a6 {hehehe, 
ok , ican do that. i believe you have whooped me, 
nice game!:->}  32.e5+ {thanks! i am sure you'll 
be tougher to beat next time and hopefully at 
least as funny as this time:)} 
 1-0

[Event "ACL-A076"]
[Site "www.playchess.de"]
[Date "2001.03.12"]
[Round "15"]
[White "rhonda202"]
[Black "guerino"]
[WhiteElo "1500"]
[BlackElo "1500"]
[PlyCount "68"]
[Result "0-1"]

1.e4 {hi and good luck, :o)}  e6 2.e5 d5 3.Bb5+ c6 
4.Ba4 Bc5 5.a3 Qb6 6.b4 Bxf2+ 7.Ke2 Bd4 8.c3 Bxe5 
9.d4 Bd6 10.Nf3 Nf6 11.Be3 O-O 12.g4 a5 13.Ne5 
Nbd7 14.Bf4 axb4 15.Nxc6 Bxf4 16.Ne7+ Kh8 17.cxb4 
Rxa4 18.Qxa4 Qxd4 19.Qb3 Qxa1 20.Rd1 Qe5+ 21.Kf3 
Bxh2 22.Rc1 Qg3+ 23.Ke2 Qxb3 24.Nxc8 Qb2+ 25.Kd1 
Nxg4 26.Nd2 Bf4 27.Rc2 Qxa3 28.b5 Nf2+ 29.Ke2 Qe3+ 
30.Kf1 Nd3 31.Nb3 Qe1+ 32.Kg2 Qg3+ 33.Kf1 Qe1+ 
34.Kg2 {nice game, my next move if there is one, i 
knock my king over, good game!:->}  
Qg3+ 0-1

[Event "ACL-A079"]
[Site "www.playchess.de"]
[Date "2001.03.12"]
[Round "3"]
[White "guerino"]
[Black "chessnut"]
[WhiteElo "1500"]
[BlackElo "1500"]
[PlyCount "52"]
[Result "0-1"]

1.e4 e5 2.Nf3 f5 3.exf5 e4 4.Ne5 Nf6 5.Be2 d6 
6.Bh5+ Ke7 7.Nf7 Qe8 8.Nc3 Nxh5 9.Nd5+ Kxf7 
10.Qxh5+ g6 11.fxg6+ Kg7 12.Nxc7 Qxg6 13.Qxg6+ 
Kxg6 14.Nxa8 Na6 15.b4 Bg7 16.Rb1 Be6 17.b5 Bxa2 
18.Rb2 Bxb2 19.Bxb2 Rxa8 20.bxa6 bxa6 21.Ke2 Rc8 
22.Bc3 Bd5 23.Ra1 h5 24.Rxa6 Bc4+ 25.Ke3 Bxa6 
26.g3 Bb7 0-1

[Event "HCL-A075"]
[Site "www.playchess.de"]
[Date "2001.03.12"]
[Round "18"]
[White "hisamawi_s"]
[Black "Guano"]
[WhiteElo "1700"]
[BlackElo "1700"]
[PlyCount "45"]
[Result "1-0"]

1.e4 e5 {good luck..i'm 15 m belgium}  2.Nf3 {good 
luck my freind )!im 22 m )irbed          Jordan}  
Nc6 3.d4 exd4 4.Bc4 Bc5 5.c3 Nf6 6.e5 d5 7.Bb5 Ne4 
8.O-O dxc3 9.Nxc3 Nxc3 10.bxc3 Bg4 11.h3 Bh5 
12.Qa4 Qd7 13.Nd4 Bxd4 14.cxd4 O-O 15.Ba3 Rfe8 
16.Rac1 Re6 17.f4 f5 18.Rc5 a6 19.Rfc1 Be8 20.Kh1 
Ra7 21.Bxc6 bxc6 22.Qb4 Rb7 23.Qxb7 1-0

[Event "HCL-C229"]
[Site "www.playchess.de"]
[Date "2001.03.12"]
[Round "1"]
[White "PINK"]
[Black "Shahn"]
[WhiteElo "1000"]
[BlackElo "1000"]
[PlyCount "88"]
[Result "0-1"]

1.Nc3 {your breath stink!}  Nf6 2.e3 d5 {I'm going 
to win this tournament and fuck you ya underarms 
stink, and you made a stupid move mate}  3.Nf3 
{the tournament?, dont get too ahead of your self 
there slapnutz}  e6 {ok it not going to be you I 
can tell by the way you knight shitted on your 
pond when he moved Quimbe}  4.Bb5+ {ok}  c6 {nice 
move chec but were's the mate, you know what your 
fuking basuda bro}  5.Bd3 Bd6 {ohh shahn made a 
good move, rule numer 10000000000 in chess never 
retreat ha ha hahhahahahah}  6.Ng5 {you gonna call 
sqirmisher right on the next move or what}  O-O 
{good move I guess I don't know what your up too 
migilacutty jenkins}  7.Bxh7+ Nxh7 {you've got one 
move, no sonny i have more than one good move 
never the less just watch ya back}  8.h4 {im not 
your son, kid, i know i got you shook.... hehehe}  
e5 {hehehe you laugh like a biatch and your game 
is even worse ha ha ha aha.........flabbergaster}  
9.h5 {gag.. cough.. choke.. gag...<----- you 
suckin my dick}  Qxg5 {If you look back you had 
chek mate in 2 moves with your queen and knight in 
my knights position}  10.f4 {nah yo, im aight... 
you just worry abou yourself}  exf4 {ok dog}  
11.Rf1 Bg4 {ahh haaa don't worry b happy now ohh 
ohh ohh oh ohh hoo hoo ho he hoo ho ho hoo be 
happy now}  12.exf4 Bxf4 13.Rf3 Qh4+ 14.Kf1 Bg3 
{CHECK or do I mean mate how many moves does it 
take for a checkmate?}  15.Ne2 Ng5 16.d4 Re8 
17.Nxg3 Nxf3 {make a move bitch becareful or it's 
checkmate muthafucker how you wann carry it break 
yo self}  18.Kf2 Nxd4 19.Qxd4 Nd7 20.a4 Re7 21.Ra3 
Rae8 22.Qxa7 R7e2+ {CHECK}  23.Kg1 Qxg3 24.Rxg3 f5 
25.Qxb7 R2e1+ {Check}  26.Kh2 Rf8 27.Qxc6 Ne5 
28.Qxd5+ Kh8 29.b3 Re8 30.Qb5 Nf3+ 31.Rxf3 Bxf3 
32.Qxf5 Rxc1 33.Qxf3 Kg8 34.Qc3 Rce1 35.h6 gxh6 
36.Qh3 Kg7 37.g4 R8e2+ 38.Kg3 Kg6 39.a5 R2e3+ 
40.Kf2 Rxh3 41.a6 Ra1 {OH NO, it's about to go 
down PINK so sorry but you got to go Shahn 
victorious}  42.Kg2 Re3 43.Kf2 Re6 44.a7 
Rxa7 0-1

[Event "HCL-C130"]
[Site "www.playchess.de"]
[Date "2001.03.13"]
[Round "6"]
[White "Coney"]
[Black "Stefan"]
[WhiteElo "994"]
[BlackElo "1463"]
[PlyCount "68"]
[Result "1-0"]

1.e4 d6 2.d4 Nf6 3.Nc3 g6 4.f4 Bg7 5.Nf3 O-O 6.Bd3 
Bg4 7.e5 Ne8 8.h3 Bxf3 9.Qxf3 c6 10.O-O dxe5 
11.dxe5 f5 12.exf6 e.p 13.exf6 f5 14.g5 Kh1 15.h6 
b3 16.Nd7 Bc4+ 17.Kh7 Rd1 18.Qc7 Ne4 19.Ne5 Qf1 
20.b6 Ba3 21.c5 Bb5 22.Rd8 Rxd8 23.Qxd8 Rd1 24.Qa8 
Ng3 25.Nc7 Be2 26.Rd8 Bb2 27.Re8 Bh5 28.Re7 Bg6+ 
29.Nxg6 fxg6+ 30.Kxg6 Qf5+ 31.Kf7 Bxf6 32.Bxf6 
Qh7+ 33.Bg7 Nf5 34.Ne6 Nxh6+ 1-0

[Event "HCL-B171"]
[Site "www.playchess.de"]
[Date "2001.03.13"]
[Round "13"]
[White "Blitzmich"]
[Black "Westqualmer"]
[WhiteElo "1902"]
[BlackElo "1842"]
[PlyCount "118"]
[Result "0-1"]

1.e4 {Auf ein schönes Spiel! Gruß Ralf}  c5 
{wünsch ich dir auch}  2.Nf3 d6 3.d4 cxd4 4.Nxd4 
Nf6 5.Nc3 a6 6.Be2 e6 7.O-O Be7 8.Be3 Nc6 9.Qd2 
O-O 10.Rad1 Qc7 11.f4 Bd7 12.a3 Rfe8 13.Nb3 b5 
14.g4 Ref8 15.g5 Ne8 16.f5 Ne5 17.fxe6 Bxe6 18.Nd4 
Rc8 19.Nd5 Qb7 20.Nf5 Bd8 21.c3 f6 22.gxf6 Bxf5 
23.Rxf5 Nxf6 24.Bg5 Nxe4 25.Rxf8+ Kxf8 26.Qf4+ Nf6 
27.Bxf6 gxf6 28.Qh6+ Qg7+ 29.Qxg7+ Kxg7 30.Nb4 a5 
31.Na6 Nc4 32.Bxc4 Bb6+ 33.Kf1 bxc4 34.Rxd6 Be3 
35.a4 Bc1 36.Rb6 Rd8 37.b4 cxb3 38.Rxb3 Rd1+ 
39.Kg2 Rd2+ 40.Kf3 Rxh2 41.Rb5 Rh3+ 42.Kg2 Rxc3 
43.Rxa5 Rc4 44.Nb8 Kg6 45.Nd7 Bg5 46.Nf8+ Kg7 
47.Ra8 h5 48.a5 Rc2+ 49.Kf3 Rc3+ 50.Kf2 Kf7 51.a6 
h4 52.Nh7 Be3+ 53.Ke2 Ra3 54.Rc8 h3 55.Rc7+ Kg6 
56.Nf8+ Kf5 57.Rh7 Bf4 58.Nd7 h2 59.Nc5 
Kg4 0-1

[Event "HCL-A079"]
[Site "www.playchess.de"]
[Date "2001.03.13"]
[Round "8"]
[White "celle"]
[Black "chessnut"]
[WhiteElo "1700"]
[BlackElo "2020"]
[PlyCount "24"]
[Result "0-1"]

1.e4 e5 2.Nf3 f5 3.Nxe5 Qf6 4.Nc4 fxe4 5.Nc3 Qf7 
6.Ne3 c6 7.Nxe4 d5 8.Ng5 Qf6 9.Nf3 Bd6 10.d4 Ne7 
11.c4 O-O 12.Qb3 dxc4 0-1

[Event "HCL-B164"]
[Site "www.playchess.de"]
[Date "2001.03.13"]
[Round "6"]
[White "Stefan"]
[Black "Gruhni"]
[WhiteElo "1377"]
[BlackElo "1369"]
[PlyCount "32"]
[Result "0-1"]

1.e4 e5 2.Nf3 Nc6 3.Bb5 a6 4.Ba4 d6 5.c3 Nf6 6.d3 
Be7 7.Nbd2 O-O 8.O-O b5 9.Bb3 Be6 10.Re1 Bxb3 
11.Nxb3 Nd7 12.d4 exd4 13.cxd4 Bf6 14.Bf4 Re8 
15.Qc2 Nb4 16.Qc3 a5 0-1

[Event "HCL-B164"]
[Site "www.playchess.de"]
[Date "2001.03.13"]
[Round "13"]
[White "Stefan"]
[Black "Vampyr"]
[WhiteElo "1377"]
[BlackElo "1728"]
[PlyCount "50"]
[Result "0-1"]

1.e4 c5 2.d4 cxd4 3.c3 Nf6 4.e5 Nd5 5.cxd4 d6 
6.Nf3 Nc6 7.Bc4 Nb6 8.Bb5 dxe5 9.Nxe5 Bd7 10.Nxd7 
Qxd7 11.Be3 e6 12.O-O Bd6 13.Nc3 O-O 14.Qg4 Rfd8 
15.Bg5 Be7 16.Rfd1 Nd5 17.Bh6 g6 18.Ne4 f5 19.Qf3 
fxe4 20.Qxe4 Bf8 {I think you should give up}  
21.Bg5 Be7 22.Bh6 a6 {play quick}  23.Ba4 Nf6 
24.Qe2 Bf8 25.Bg5 b5 0-1

[Event "HCL-B164"]
[Site "www.playchess.de"]
[Date "2001.03.13"]
[Round "24"]
[White "Stefan"]
[Black "iq160"]
[WhiteElo "1377"]
[BlackElo "1301"]
[PlyCount "24"]
[Result "0-1"]

1.e4 c5 2.Nf3 d6 3.d4 cxd4 4.Nxd4 Nf6 5.Nc3 g6 
6.Be3 Bg7 {I'm gonna have a break for a couple of 
days, so long.}  7.f3 O-O 8.Qd2 d5 9.e5 Ne8 10.f4 
f6 11.e6 f5 12.O-O-O Nc6 0-1

[Event "HCL-B164"]
[Site "www.playchess.de"]
[Date "2001.03.13"]
[Round "31"]
[White "Bill"]
[Black "Stefan"]
[WhiteElo "1038"]
[BlackElo "1377"]
[PlyCount "33"]
[Result "1-0"]

1.e4 d6 2.d4 Nf6 3.Nc3 g6 4.Nf3 Bg7 5.Be2 O-O 
6.O-O c6 7.a4 Nbd7 8.h3 {I'll be away Feb 19 - 23} 
 Qa5 {Have fun!}  9.Qd3 e5 10.dxe5 dxe5 11.b4 Qxb4 
12.Ba3 Qa5 {:-(}  13.Bxf8 Bxf8 {*}  14.Nd2 Qc7 
15.Rfb1 Bh6 16.Nb3 b6 17.Rbd1 1-0

[Event "HCL-C185"]
[Site "www.playchess.de"]
[Date "2001.03.13"]
[Round "4"]
[White "Paulus"]
[Black "Davey"]
[WhiteElo "1000"]
[BlackElo "1000"]
[PlyCount "29"]
[Result "1-0"]

1.d4 e6 2.e4 Nf6 3.e5 Ne4 4.h4 Bb4+ 5.c3 Ba5 6.Qg4 
Nxf2 7.Kxf2 O-O 8.Bh6 g6 9.Bg5 f5 10.f6 Rxf6+ 
11.Bxf6 Qxf6+ 12.Qf3 Qxf3+ 13.Nxf3 Nc6 14.h5 gxh5 
15.Rxh5 1-0

[Event "ACL-A100"]
[Site "www.playchess.de"]
[Date "2001.03.13"]
[Round "4"]
[White "chrisg"]
[Black "leo"]
[WhiteElo "1784"]
[BlackElo "1500"]
[PlyCount "31"]
[Result "1-0"]

1.e4 c5 2.c4 Nc6 3.Nc3 g6 4.g3 Bg7 5.Bg2 Nf6 6.f4 
d6 7.d3 O-O 8.Nf3 {last move for today! have a 
nice evening!}  Bg4 {for u too}  9.h3 Bxf3 10.Bxf3 
{:-)}  e5 11.fxe5 Nxe5 12.Be2 Qd7 13.Bf4 Ne8 
14.Qd2 a6 15.O-O-O b5 16.Nd5 1-0

[Event "HCL-B206"]
[Site "www.playchess.de"]
[Date "2001.03.13"]
[Round "2"]
[White "DrJon"]
[Black "adamant"]
[WhiteElo "1300"]
[BlackElo "1045"]
[PlyCount "87"]
[Result "1-0"]

1.d4 {Have a good game, handshake}  d5 2.Nf3 Nf6 
3.Bf4 Nc6 4.h3 e6 5.e3 Bd6 6.Ne5 O-O 7.Nd2 Nd7 
8.Nxc6 bxc6 9.Qg4 Nf6 10.Qf3 Re8 11.Bd3 e5 12.dxe5 
Bxe5 13.Bxe5 Rxe5 14.O-O Rb8 15.Qf4 Qd6 16.Nb3 Rb4 
17.Qf3 Rh4 18.Qg3 {eeks, freaks}  Rh6 19.Nd4 
{calmly now he moves gaining his composure...}  
Nh5 20.Qh2 Bd7 21.c4 Qe7 22.Nf3 Ree6 23.Qxc7 dxc4 
24.Bxc4 Reg6 25.Kh1 Bxh3 {Well Drjon heres goes 
nothing}  26.Qb8+ {exciting move}  Qf8 27.Qxf8+ 
Kxf8 28.gxh3 Nf4 29.h4 Ng2 30.Be2 Nxh4 31.Nh2 Rg2 
32.Rad1 Rgg6 33.Rd8+ Ke7 34.Ra8 Nf5 35.Rxa7+ Kf6 
36.Rc7 Ne7 37.Rd1 Nf5 38.e4 Nh4 39.f4 {it has been 
an enjoyable game, good luck in future games and 
tourneys}  Rg1+ 40.Kxg1 g6 41.Rd6+ Kg7 42.Bc4 Kf8 
43.Rd8+ Kg7 {Good Game.}  44.Rxf7+ 1-0

[Event "HCL-B217"]
[Site "www.playchess.de"]
[Date "2001.03.13"]
[Round "3"]
[White "Yogibear"]
[Black "Vampyr"]
[WhiteElo "1863"]
[BlackElo "1500"]
[PlyCount "50"]
[Result "1/2-1/2"]

1.d3 {hi Vampyr-have a nice game, I hope you will 
not get my blood! Greetings Jürgen}  e5 {hi}  2.c4 
c6 3.Nf3 Nf6 4.Nc3 {hi, have nice game and good 
luck!}  d5 {thanks}  5.cxd5 cxd5 {your elo rating 
is very high!!!!!!!}  6.Nxe5 {that`s true, but it 
was a hard job to get it!!}  Be7 7.d4 O-O {you are 
maybe a computer!}  8.e3 Nbd7 9.Be2 Nxe5 10.dxe5 
Ne4 11.Nxe4 dxe4 12.Bd2 Qb6 13.Qc2 Bf5 14.O-O 
{Yes, I am H.A.L.}  Rac8 {what is H.A.L}  15.Bc3 
{it is a joke.H.A.L. is a computer in a movie from 
stanley kubrik "2001"}  Bb4 16.Qb3 Bxc3 17.bxc3 
Qxb3 18.axb3 Rxc3 19.Rxa7 Rxb3 20.Rc1 b5 21.Rb7 b4 
22.g3 Rb2 {draw?}  23.Bc4 {I hate draw!!! Let`s 
play some moves! Thanks!}  g5 24.Kg2 Be6 {again 10 
ok??}  25.Bxe6 {well, let us see!}  
fxe6 1/2-1/2

[Event "HCL-B097"]
[Site "www.playchess.de"]
[Date "2001.03.14"]
[Round "2"]
[White "Doro"]
[Black "maska"]
[WhiteElo "1500"]
[BlackElo "1131"]
[PlyCount "67"]
[Result "1-0"]

1.f4 d5 2.Nf3 Nf6 3.e3 e6 4.b3 Nc6 5.Bb5 a6 
6.Bxc6+ bxc6 7.Bb2 Be7 8.O-O O-O 9.d3 Bb7 10.Nbd2 
c5 11.Qe1 Bd6 12.Qh4 Be7 13.Qg3 Nh5 14.Qh3 Bf6 
15.Ne5 g6 16.g4 Ng7 17.g5 Bxe5 18.Bxe5 Nh5 19.Rf2 
d4 20.e4 Qe7 21.Rg2 f6 22.gxf6 Nxf6 23.Nf3 Bc8 
24.Qh6 a5 25.Rf1 Qg7 26.Qg5 Ra7 27.h4 Qf7 28.h5 
Kh8 29.hxg6 hxg6 30.Qxg6 Qxg6 31.Rxg6 Kh7 32.Rxf6 
Rxf6 33.Bxf6 Kg6 34.Be7 1-0

[Event "HCL-B118"]
[Site "www.playchess.de"]
[Date "2001.03.14"]
[Round "23"]
[White "class58"]
[Black "x_chess"]
[WhiteElo "1200"]
[BlackElo "1500"]
[PlyCount "59"]
[Result "1-0"]

1.d4 Nf6 2.Bf4 e6 3.e3 c5 4.Bxb8 Rxb8 5.Nf3 Qb6 
6.b3 d5 7.Nc3 Bd7 8.a4 cxd4 9.exd4 Bb4 10.Ke2 Bxc3 
11.Ra2 Ne4 12.Qd3 Rc8 13.Ke3 Bxd4+ 14.Qxd4 Rc3+ 
15.Bd3 O-O 16.Ne5 Nf6 17.Qxb6 axb6 18.Kd4 Rfc8 
19.f4 Be8 20.f5 Ne4 21.fxe6 fxe6 22.Bxe4 dxe4 
23.Nc4 R3xc4+ 24.bxc4 e5+ 25.Kxe4 Rxc4+ 26.Kxe5 
Bxa4 27.Rf1 b5 28.Rf2 Rc6 29.g3 g6 
30.Rd2 1-0

[Event "HCL-B131"]
[Site "www.playchess.de"]
[Date "2001.03.14"]
[Round "1"]
[White "victor"]
[Black "Takavor"]
[WhiteElo "1200"]
[BlackElo "1500"]
[PlyCount "60"]
[Result "0-1"]

1.e4 c5 2.c3 e6 3.d4 d5 4.exd5 exd5 5.Nf3 Nc6 
6.Bb5 Bd7 7.O-O Nf6 8.dxc5 Bxc5 9.Bg5 a6 10.Re1+ 
Be6 11.Bxc6+ bxc6 12.Qa4 Qb6 13.Be3 Ng4 14.Bxc5 
Qxc5 15.Qd4 Qxd4 16.Nxd4 Kd7 17.Nxe6 fxe6 18.Nd2 
Rhf8 19.Nf3 h6 20.h3 Nf6 21.Ne5+ Kc7 22.b4 Ne4 
23.Ref1 Nxc3 24.Rfc1 Ne2+ 25.Kf1 Nxc1 26.Rxc1 Kd6 
27.Nf3 g5 28.Nd4 Rac8 29.a4 Rf4 30.Nxc6 
Rxc6 0-1

[Event "HCL-B135"]
[Site "www.playchess.de"]
[Date "2001.03.14"]
[Round "23"]
[White "Sturk"]
[Black "jonte2"]
[WhiteElo "1635"]
[BlackElo "1581"]
[PlyCount "47"]
[Result "1/2-1/2"]

1.e4 e5 2.Nf3 Nc6 3.Bc4 Bc5 4.c3 Nf6 5.d4 exd4 
6.cxd4 Bb4+ 7.Nc3 Nxe4 8.O-O Bxc3 9.d5 Ne5 10.bxc3 
Nxc4 11.Qd4 Ncd6 12.Qxg7 Qf6 13.Qxf6 Nxf6 14.Re1+ 
Nfe4 15.Nd2 f5 16.f3 O-O 17.fxe4 fxe4 18.Ba3 Rf5 
19.Bxd6 e3 20.Rxe3 cxd6 21.c4 b5 22.Rf3 Rxf3 
23.gxf3 Ba6 24.cxb5 1/2-1/2

[Event "HCL-B140"]
[Site "www.playchess.de"]
[Date "2001.03.14"]
[Round "13"]
[White "Binder"]
[Black "Hamburger"]
[WhiteElo "1387"]
[BlackElo "1200"]
[PlyCount "44"]
[Result "0-1"]

1.d4 d5 2.c4 e6 3.Nc3 Nf6 4.Bg5 Be7 5.e3 h6 6.Bxf6 
Bxf6 7.Nf3 c6 8.Be2 O-O 9.O-O b6 10.cxd5 cxd5 
11.Rc1 Bb7 12.Bd3 a6 13.Qe2 Nc6 14.a3 b5 15.b4 Rc8 
16.Qb2 Rc7 17.Nxb5 axb5 18.Bxb5 Na7 19.Rxc7 Qxc7 
20.Rc1 Qb6 21.Bd3 Rc8 22.Rc5 Rxc5 0-1

[Event "HCL-C142"]
[Site "www.playchess.de"]
[Date "2001.03.14"]
[Round "2"]
[White "Rengar"]
[Black "sonnyspock"]
[WhiteElo "1047"]
[BlackElo "1202"]
[PlyCount "57"]
[Result "1-0"]

1.d4 e6 2.e4 d5 3.e5 c5 4.c3 Nc6 5.Nf3 Qb6 6.a3 
cxd4 7.cxd4 Nge7 8.Be2 Nf5 9.Nc3 Bd7 10.b4 Nfxd4 
11.Nxd4 Nxd4 12.Be3 Qc7 13.Qxd4 Be7 14.Rc1 Qd8 
15.O-O O-O 16.Qg4 f6 17.Bf4 f5 18.Qg3 Bh4 19.Qh3 
Bc6 20.Bg3 Be7 21.f4 a5 22.b5 Bd7 23.a4 Bc5+ 
24.Bf2 Bxf2+ 25.Rxf2 Rc8 26.Rff1 Rc4 27.Bxc4 {???  
 Um, ok.  I'll bite}  dxc4 28.Qe3 b6 
29.Ne2 1-0

[Event "HCL-E018"]
[Site "www.playchess.de"]
[Date "2001.03.14"]
[Round "19"]
[White "Goofy"]
[Black "Hertie"]
[WhiteElo "2122"]
[BlackElo "2158"]
[PlyCount "51"]
[Result "1-0"]

1.d4 d5 2.Nf3 e6 3.c4 Nf6 4.Nc3 c6 5.Bg5 Be7 6.e3 
O-O 7.Rc1 Nbd7 8.Bd3 b6 9.O-O Ba6 10.Qa4 Bxc4 
11.Bxc4 dxc4 12.Qxc4 Rc8 13.Rfd1 c5 14.Qa6 Ra8 
15.Ne5 {Too early!  :-))}  Nxe5 16.dxe5 Nd7 
17.Bxe7 Qxe7 18.Qb7 Rfd8 19.Rd6 Kf8 20.f4 Ke8 
21.Rcd1 Rab8 {sieht wohl eher weniger nach remis 
aus, befürchte ich}  22.Qxa7 Nf8 23.Qa4+ Rd7 
24.Nb5 f6 25.Nc7+ Kd8 26.Nxe6+ 1-0

[Event "HCL-E019"]
[Site "www.playchess.de"]
[Date "2001.03.14"]
[Round "11"]
[White "Radost"]
[Black "Ostap_Bender"]
[WhiteElo "1941"]
[BlackElo "2000"]
[PlyCount "54"]
[Result "1/2-1/2"]

1.e4 c5 2.Nf3 Nc6 3.d4 cxd4 4.Nxd4 Nf6 5.Nc3 d6 
6.h3 g6 7.Be3 Bg7 8.Qd2 O-O 9.O-O-O Bd7 10.g4 a6 
11.g5 Nh5 12.Be2 Nxd4 13.Bxd4 Bxd4 14.Qxd4 Nf4 
15.Bg4 Bxg4 16.hxg4 e5 17.Qxd6 Qxg5 18.Kb1 Rad8 
19.Qc7 Rxd1+ 20.Rxd1 b5 21.f3 b4 22.Nd5 Nxd5 
23.exd5 Qe3 24.d6 Qxf3 25.Kc1 Qf4+ 26.Kb1 Qxg4 
27.Kc1 Qf4+ 1/2-1/2